Ronda de Doha paralizada: Lamy pide "tiempo para reflexionar"
Na minha lista:
| Formato: | Texto |
|---|---|
| Assuntos: | |
| Tags: |
Adicionar Tag
Sem tags, seja o primeiro a adicionar uma tag!
|
MARC
| LEADER | 00000 a a2200000 04500 | ||
|---|---|---|---|
| 001 | 13111 | ||
| 003 | |||
| 040 | |||
| 245 | |a Ronda de Doha paralizada: |b Lamy pide "tiempo para reflexionar" | ||
| 650 | |a SUBSIDIOS | ||
| 650 | |a ARANCELES | ||
| 650 | |a NEGOCIACIONES COMERCIALES | ||
| 773 | |g volumen 7, número 3; páginas 1-4 | ||
| 999 | |c 37121 |d 37121 | ||
